Eshay Essentials - Statistics

General Stats
  • This quiz has been taken 19 times
  • The average score is 5 of 10
Answer Stats
Hints Answer % Correct
Type Of Bag Bumbag
80%
Shoes Tn
80%
"Lad" Adlay
60%
Favourite Haircut Mullet
60%
"Dog" Ogday
60%
Scooter Brand Razor
60%
Robbing Someone Rolling
40%
Sailing Brand Nautica
20%
What They Call There Enemies Opp
20%
Brand Of Sunglasses Pit Viper
20%
No matching quizzes found
Score Distribution
Percent of People with Each Score
Percentile by Number Answered
Your Score History
You have not taken this quiz